Online katalóg knižníc regiónu Turca

Život po arabsky (Record no. 22524)

MARC details
000 -LEADER
fixed length control field 01904nam a2200577 a 4500
001 - CONTROL NUMBER
control field 22524
003 - CONTROL NUMBER IDENTIFIER
control field SK-KTurca
005 - DATE AND TIME OF LATEST TRANSACTION
control field 20260331145457.0
008 - FIXED-LENGTH DATA ELEMENTS--GENERAL INFORMATION
fixed length control field 180809s2010 xo oa d 000 1 slo
015 ## - NATIONAL BIBLIOGRAPHY NUMBER
National bibliography number SNBA2011/07-03723
020 ## - INTERNATIONAL STANDARD BOOK NUMBER
International Standard Book Number 9788081140501
Qualifying information (viaz.)
035 ## - SYSTEM CONTROL NUMBER
System control number D235B00B-9889-4B17-95C4-567A90BF4247
035 ## - SYSTEM CONTROL NUMBER
System control number urn:nbn:sk:snk-amkw2c
035 ## - SYSTEM CONTROL NUMBER
System control number urn:nbn:sk:snk-am001se1
040 ## - CATALOGING SOURCE
Original cataloging agency VTHK
Language of cataloging slo
Transcribing agency VTHK
Modifying agency SNK
Description conventions AACR2
041 0# - LANGUAGE CODE
Language code of text/sound track or separate title slo
043 ## - GEOGRAPHIC AREA CODE
Geographic area code ma-----
044 ## - COUNTRY OF PUBLISHING/PRODUCING ENTITY CODE
MARC country code xo
ISO country code SK
072 #7 - SUBJECT CATEGORY CODE
Subject category code 316.3
Subject category code subdivision Globálne spoločnosti. Sociálna štruktúra. Sociálne skupiny
Source konspekt
072 #7 - SUBJECT CATEGORY CODE
Subject category code 316.7
Subject category code subdivision Sociológia kultúry. Kultúrny život
Source konspekt
080 ## - UNIVERSAL DECIMAL CLASSIFICATION NUMBER
Universal Decimal Classification number 316.72/.75
Edition identifier 2001
080 ## - UNIVERSAL DECIMAL CLASSIFICATION NUMBER
Universal Decimal Classification number (=411.21)
Edition identifier 2001
080 ## - UNIVERSAL DECIMAL CLASSIFICATION NUMBER
Universal Decimal Classification number 2-67
Edition identifier 2001
080 ## - UNIVERSAL DECIMAL CLASSIFICATION NUMBER
Universal Decimal Classification number 930.85
Edition identifier 2001
080 ## - UNIVERSAL DECIMAL CLASSIFICATION NUMBER
Universal Decimal Classification number (5-15)
Edition identifier 2001
080 ## - UNIVERSAL DECIMAL CLASSIFICATION NUMBER
Universal Decimal Classification number (6-17)
Edition identifier 2001
080 ## - UNIVERSAL DECIMAL CLASSIFICATION NUMBER
Universal Decimal Classification number (035)
Edition identifier 2001
100 1# - MAIN ENTRY--PERSONAL NAME
Personal name Khidayer, Emíre,
Dates associated with a name 1971-
Relationship ill
245 10 - TITLE STATEMENT
Title Život po arabsky
Statement of responsibility, etc. Emíre Khidayer ; [fotografie Edgar Jarúnek, Emíre Khidayer, Richard Randík ; ilustrovala Emíre Khidaye]
250 ## - EDITION STATEMENT
Edition statement 1. vyd.
260 ## - PUBLICATION, DISTRIBUTION, ETC.
Place of publication, distribution, etc. Bratislava
Name of publisher, distributor, etc. Marenčín PT
Date of publication, distribution, etc. 2010
300 ## - PHYSICAL DESCRIPTION
Extent 323 s.
Other physical details fotogr.
Dimensions 21 cm
650 07 - SUBJECT ADDED ENTRY--TOPICAL TERM
Topical term or geographic name entry element Arabi
Source of heading or term SNKPH
650 07 - SUBJECT ADDED ENTRY--TOPICAL TERM
Topical term or geographic name entry element kultúrne dejiny
Source of heading or term SNKPH
650 07 - SUBJECT ADDED ENTRY--TOPICAL TERM
Topical term or geographic name entry element kultúra a spoločnosť
Source of heading or term SNKPH
650 07 - SUBJECT ADDED ENTRY--TOPICAL TERM
Topical term or geographic name entry element náboženstvo a spoločnosť
Source of heading or term SNKPH
650 07 - SUBJECT ADDED ENTRY--TOPICAL TERM
Topical term or geographic name entry element Arabs
Source of heading or term SNKPHeng
650 07 - SUBJECT ADDED ENTRY--TOPICAL TERM
Topical term or geographic name entry element Cultural history
Source of heading or term SNKPHeng
650 07 - SUBJECT ADDED ENTRY--TOPICAL TERM
Topical term or geographic name entry element Culture and society
Source of heading or term SNKPHeng
650 07 - SUBJECT ADDED ENTRY--TOPICAL TERM
Topical term or geographic name entry element Religion and society
Source of heading or term SNKPHeng
651 #7 - SUBJECT ADDED ENTRY--GEOGRAPHIC NAME
Geographic name arabské krajiny
Source of heading or term SNKPH
655 #7 - INDEX TERM--GENRE/FORM
Genre/form data or focus term príručky
Source of term SNKPH
655 #7 - INDEX TERM--GENRE/FORM
Genre/form data or focus term Handbooks, manuals, etc
Source of term SNKPHeng
700 1# - ADDED ENTRY--PERSONAL NAME
Personal name Jarúnek, Edgar
Relationship pht
700 1# - ADDED ENTRY--PERSONAL NAME
Personal name Randík, Richard
Relationship pht
942 ## - ADDED ENTRY ELEMENTS (KOHA)
Source of classification or shelving scheme Dewey Decimal Classification
Koha item type Krásna literatúra pre dospelých
Suppress in OPAC No
980 ## - EQUIVALENCE OR CROSS-REFERENCE-SERIES STATEMENT--PERSONAL NAME/TITLE [LOCAL, CANADA]
Personal name 316.72/.75(=411.21):930.85:2-67
980 ## - EQUIVALENCE OR CROSS-REFERENCE-SERIES STATEMENT--PERSONAL NAME/TITLE [LOCAL, CANADA]
Personal name 930.85(5-15+6-15)
980 ## - EQUIVALENCE OR CROSS-REFERENCE-SERIES STATEMENT--PERSONAL NAME/TITLE [LOCAL, CANADA]
Personal name 2-67
Holdings
Stav vyradenia Strata Poškodenie Spôsob nadobudnutia Domovská knižnica Aktuálna knižnica Dátum nadobudnutia Total checkouts Čiarový kód exemplára Date last seen Typ exemplára
      Dar Obecná knižnica Turčianska Štiavnička Obecná knižnica Turčianska Štiavnička 31.03.2026   4738000815 31.03.2026 Krásna literatúra pre dospelých
Projekt je podporený Slovenskou asociáciou knižníc
Prevádzkuje Turčianska knižnica Martin 2026